000 05400cam a22012734i 4500
003 PE-LiUPU
005 20250813185319.0
008 151127s2013 sp a rb 000 0 spa d
020 _a8499589812
020 _a9788499589817
035 _a(Sirsi) i9788499589817
040 _aPE-LiUPU
_bspa
_cPE-LiUPU
_erda
049 _aPRUA
082 0 4 _a378.86
_bR74
_221
100 1 _aRodríguez Espinar, Sebastián,
_eautor.
245 1 3 _aLa evaluación de la calidad en la educación superior :
_bfundamentos y modelos /
_cSebastián Rodríguez Espinar.
264 1 _aMadrid :
_bSíntesis,
_c[2013].
300 _a265 páginas :
_bilustraciones ;
_c23 centímetros
336 _atext
_2rdacontent
337 _aunmediated
_2rdamedia
338 _avolume
_2rdacarrier
490 0 _aBiblioteca de educación ;
_v21
504 _aReferencias bibliográficas : páginas 255-265.
505 0 _aEl debate de la calidad en la educación superior -- Calidad de la educación: ¿moda o interés real? -- Aproximaciones a la definición de calidad de la educación -- Un marco de referencia global de la calidad educativa -- La calidad desde los enfoques evaluativos -- Calidad y equidad en la educación superior -- Fundamentos de la evaluación de la calidad en la educación superior -- Por qué y para qué la evaluación institucional -- El contexto de los modelos de evaluación institucional -- Problemas terminológicos y conceptuales en la evaluación institucional -- Un intento frustrado: la evaluación institucional -- Niveles de un sistema global de garantía de la calidad -- La evaluación y el sistema de garantía de la calidad (SGC) -- Acreditación -- Auditoría de calidad (Quality Audit) -- Evaluación institucional orientada a la mejora de la calidad -- Otras "formas" de evaluación de la calidad -- La espiral de la evaluación de la calidad -- La calidad es una cuestión interna: la autoevaluación, clave de los procesos de mejora -- El marco de referencia para la evaluación de la calidad de la enseñanza -- La organización de la evaluación interna -- El día después: la evaluación al servicio de la innovación y la mejora -- La formalización del proceso: del autoestudio al informe de evaluación externa -- Peculiaridades en los procesos de acreditación -- Gestión de los procesos de evaluación por las agencias de evaluación -- Por qué y para qué de los rankings -- Marco de referencia para el análisis de los rankings -- El debate sobre los rankings -- Los cuestionarios e indicadores de los rankings -- Alternativas. Dirección a seguir -- Panorama general de los rankings -- Clasificaciones de alcance internacional -- Problemas específicos de las clasificaciones internacionales -- La experiencia de los rankings en el ámbito anglosajón -- El ranking de los Sistemas de Educación Superior (U21) -- Análisis de los rankings en Europa. Los principios de Berlín (PB) -- Gran Bretaña: la influencia de la prensa -- Alemania: hacia una clasificación pluridimensional e interactiva -- Los rankings en España -- Hacia un modelo europeo: ¿realidad u oportunidad de negocio?
526 _aP202
526 _aP201
526 _aP163
526 _aP162
526 _aP161
526 _aP160
526 _aP148
526 _aP147
526 _aP146
526 _aP145
526 _aP144
526 _aP143
526 _aP142
526 _aP141
526 _aP140
526 _aP139
526 _aP138
526 _aP137
526 _aP136
526 _aP135
526 _aP134
526 _aP133
526 _aP129
526 _aP128
526 _aP127
526 _aP120
526 _aP119
526 _aP118
526 _aP116
526 _aP115
526 _aP114
526 _aP110
526 _aP109
526 _aP108
526 _aP104
526 _aP103
526 _aP102
526 _aP99
526 _aP98
526 _aP97
526 _aP96
526 _aP95
526 _aP93
526 _aP90
526 _aP89
526 _aP88
526 _aP83
526 _aP82
526 _aP62
526 _aP59
526 _aP58
526 _aP57
526 _aP51
526 _aP49
526 _aP48
526 _aP47
526 _aP29
526 _aP24
526 _aP20
526 _aP19
526 _aP17
526 _aP15
526 _aP14
526 _aP12
526 _aP10
526 _aP09
526 _aP08
526 _aP07
526 _aP06
526 _aP05
526 _aP04
526 _aP01
541 _g001-003031;
650 7 _aEnseñanza superior
_xEvaluación.
_2embne
650 7 _aUniversidades
_xGestión de la calidad.
_2embne
650 1 4 _aCalidad de la educación superior.
_9315
650 1 4 _aEducación superior.
_91270
650 1 4 _aEvaluación educativa.
910 _acce
_bjck
_ccce
_d20151127
942 _2ddc
_cBOOK
949 _a378.86 R74
_wDEWEY
_c1
_i72189
_lCCODEBUL1
_mBUL
_p38.87
_r0
_sY
_tBOOK
_u2015-11-27
_xEDUCACION
_PP20
_0COMPRA
_o.STAFF. Colección General
994 _aC0
_bPEPRU
596 _a1
999 _a378.86 R74
_wDEWEY
_c7983
_i72189
_d7983
_e2019-4-12
_f2021-11-8
_g5
_lCCODEBUL1
_mBUL
_n2
_p38.87
_q1
_r0
_sY
_tBOOK
_u2015-11-27
_xEDUCACION
_PP20
_0COMPRA
_o.STAFF. Colección General
980 _81
_gALBERTO SANCHEZ Responsable de Automatización